[Event "ICS rated blitz match"]
[Site "204.178.125.65"]
[Date "2001.09.14"]
[Round "?"]
[White "RivalChess"]
[Black "Hossa"]
[Result "0-1"]
[WhiteElo "2196"]
[BlackElo "2594"]
[PlyCount "94"]
[EventDate "2001.??.??"]

1. e4 c5 2. Nf3 d6 3. Nc3 e6 4. Bc4 Nf6 5. O-O Be7 6. d4 cxd4 7. Qxd4 Nc6 8.
Bb5 O-O 9. Bxc6 bxc6 10. Bg5 e5 11. Qd3 Qc7 12. Rad1 a5 13. Bxf6 gxf6 14. Qe3
Rb8 15. b3 Qb6 16. Qxb6 Rxb6 17. h3 f5 18. Nd2 Ba6 19. Rfe1 fxe4 20. Rxe4 f5
21. Ree1 Kg7 22. Nf3 Rg8 23. Na4 Rb7 24. Nxe5 dxe5 25. Rxe5 Kf6 26. Rxa5 Be2
27. Re1 Bf3 28. Ree5 Rxg2+ 29. Kf1 Rg5 30. h4 Rh5 31. Re3 f4 32. Rxf3 Rxa5 33.
Rxf4+ Kg6 34. Rc4 Rc7 35. Kg2 Kh5 36. Kg3 Bd6+ 37. Kh3 Rf5 38. f4 Rxf4 39. Rxf4
Bxf4 40. Nc3 Re7 41. Kg2 Kxh4 42. a4 Kg4 43. b4 Re1 44. b5 Bd2 45. Na2 Re2+ 46.
Kh1 Kg3 47. c4 Re1# {RivalChess checkmated} 0-1

[Event "ICS rated blitz match"]
[Site "204.178.125.65"]
[Date "2001.09.14"]
[Round "?"]
[White "monsoon"]
[Black "Hossa"]
[Result "0-1"]
[WhiteElo "2629"]
[BlackElo "2597"]
[PlyCount "158"]
[EventDate "2001.??.??"]

1. e4 c5 2. Nf3 Nc6 3. d4 cxd4 4. Nxd4 Qc7 5. Nc3 e6 6. Be2 a6 7. O-O Nf6 8.
Kh1 Be7 9. f4 Nxd4 10. Qxd4 Bc5 11. Qe5 d6 12. Nd5 Qd8 13. Nxf6+ Qxf6 14. Qxf6
gxf6 15. Bd2 Bd7 16. b4 Bb6 17. a4 Bc6 18. Bf3 Rc8 19. a5 Ba7 20. c3 Rg8 21. f5
Bb5 22. Rfd1 Bc4 23. Bh6 Ke7 24. Rac1 Rc6 25. Rd2 Bb5 26. Be2 Bxe2 27. Rxe2
Rgc8 28. Be3 Bxe3 29. Rxe3 e5 30. h4 Rc4 31. Rb1 Rxc3 32. Rxc3 Rxc3 33. b5 Rc4
34. bxa6 bxa6 35. Rb7+ Kf8 36. Rb6 Rxe4 37. Rxd6 Rxh4+ 38. Kg1 Kg7 39. Rxa6 Rf4
40. Rd6 Rxf5 41. Rd2 e4 42. Ra2 e3 43. a6 e2 44. Rxe2 Ra5 45. Kf2 f5 46. Rc2
Rxa6 47. Ke3 Kf6 48. Rb2 Rc6 49. Rb8 Rc3+ 50. Kd4 Rc2 51. Rb6+ Kg5 52. Rb8 Kf4
53. Rg8 Rd2+ 54. Kc3 Rd6 55. Re8 Kg3 56. Re5 Kxg2 57. Rxf5 h5 58. Kc4 h4 59.
Rg5+ Kh2 60. Rb5 Rf6 61. Rb2+ Kg3 62. Rb3+ Rf3 63. Rb1 h3 64. Rg1+ Kf2 65. Ra1
h2 66. Kd5 Rh3 67. Ra2+ Kg3 68. Ra3+ Kg4 69. Ra4+ Kf5 70. Kc5 h1=Q 71. Ra2 Rc3+
72. Kb4 Qb1+ 73. Kxc3 Qxa2 74. Kb4 Qc2 75. Ka5 Qb2 76. Ka6 Ke6 77. Ka7 Kd7 78.
Ka8 Kc8 79. Ka7 Qb7# {monsoon checkmated} 0-1

[Event "ICS rated blitz match"]
[Site "204.178.125.65"]
[Date "2001.09.14"]
[Round "?"]
[White "Hossa"]
[Black "monsoon"]
[Result "0-1"]
[WhiteElo "2614"]
[BlackElo "2612"]
[PlyCount "77"]
[EventDate "2001.??.??"]

1. d4 Nf6 2. c4 c5 3. d5 b5 4. Nd2 bxc4 5. e4 c3 6. bxc3 g6 7. Nc4 Nxe4 8. Qe2
Bg7 9. Qxe4 Bxc3+ 10. Bd2 Bxa1 11. Ba5 Qxa5+ 12. Nxa5 Bc3+ 13. Kd1 Bxa5 14. d6
Nc6 15. Bb5 O-O 16. dxe7 Re8 17. Bxc6 dxc6 18. Qxc6 Be6 19. Qxc5 Bb6 20. Qa3
Bxf2 21. Nf3 Rac8 22. Ne5 Bc5 23. Qa4 Rxe7 24. Re1 Rd8+ 25. Kc1 Rc7 26. Nc6 Rd6
27. Rd1 Ba3+ 28. Kb1 Rcxc6 29. Rf1 Rb6+ 30. Ka1 Bb2+ 31. Kb1 Rd2 32. Qxa7 Bxa2+
33. Qxa2 Bg7+ 34. Qb3 Rxb3+ 35. Kc1 Bh6 36. Rd1 Rxg2+ 37. Rd2 Rxd2 38. h4 Rf2+
39. Kd1 {Hossa resigns} 0-1

[Event "ICS rated blitz match"]
[Site "204.178.125.65"]
[Date "2001.09.14"]
[Round "?"]
[White "Hossa"]
[Black "SearcherX"]
[Result "1-0"]
[WhiteElo "2598"]
[BlackElo "2857"]
[PlyCount "129"]
[EventDate "2001.??.??"]

1. d4 d5 2. c4 c6 3. Nc3 Nf6 4. Nf3 e6 5. e3 Nbd7 6. Bd3 Bd6 7. b3 e5 8. cxd5
Bb4 9. Qc2 exd4 10. Nxd4 Nxd5 11. Bd2 Ne5 12. Be4 Nxc3 13. Bxc3 Bxc3+ 14. Qxc3
Qh4 15. Nf3 Qxe4 16. Qxe5+ Qxe5 17. Nxe5 Ke7 18. O-O-O Be6 19. Kb2 Rad8 20. Nd3
Rd6 21. f3 Rhd8 22. Kc3 c5 23. Nf2 b5 24. Rxd6 Rxd6 25. Nd3 c4 26. Nc5 a5 27.
b4 a4 28. g4 Bd7 29. h4 Rf6 30. Rh3 a3 31. Rg3 Bc6 32. e4 h6 33. h5 Bd7 34. Kd2
Bc6 35. Ke2 g5 36. hxg6 Rxg6 37. Rh3 Kd6 38. Rh5 Ke7 39. Ke3 Rf6 40. f4 c3 41.
f5 Rd6 42. Rh2 Rd1 43. Rc2 Rg1 44. Rxc3 Rg3+ 45. Kd4 Rxc3 46. Kxc3 Kf6 47. Kd4
Kg5 48. Nd3 Be8 49. Nf2 f6 50. e5 fxe5+ 51. Kxe5 Bf7 52. Ne4+ Kxg4 53. Nd6 Bxa2
54. Nxb5 h5 55. Nxa3 h4 56. Nc2 h3 57. Ne3+ Kf3 58. Nf1 Bc4 59. f6 Kf2 60. Kf4
Kxf1 61. Kg3 Be6 62. Kh2 Kf2 63. b5 Ke3 64. b6 Ke4 65. b7 {SearcherX resigns}
1-0

[Event "ICS rated blitz match"]
[Site "204.178.125.65"]
[Date "2001.09.14"]
[Round "?"]
[White "SearcherX"]
[Black "Hossa"]
[Result "1-0"]
[WhiteElo "2831"]
[BlackElo "2624"]
[PlyCount "112"]
[EventDate "2001.??.??"]

1. e4 c5 2. Nf3 d6 3. d4 cxd4 4. Nxd4 Nf6 5. Nc3 a6 6. Be2 e5 7. Nb3 Be7 8. O-O
O-O 9. Be3 Be6 10. f4 exf4 11. Bxf4 Nc6 12. Kh1 Bxb3 13. axb3 Qd7 14. Nd5 Nxd5
15. Qxd5 Nb4 16. Qd2 Nc6 17. Bc4 Rad8 18. Rad1 b5 19. Bd5 Bf6 20. c3 Ne5 21.
Ra1 Qc8 22. Qe3 Ng6 23. Qb6 Nxf4 24. Rxf4 Qc5 25. Rxa6 Qxb6 26. Rxb6 Rb8 27.
Ra6 b4 28. Rf1 bxc3 29. bxc3 Rbc8 30. Rxd6 Rxc3 31. b4 Rc2 32. b5 Rb2 33. b6
Be5 34. Rd7 Kh8 35. b7 f6 36. g3 h6 37. Rc1 Kh7 38. Rc8 Rxb7 39. Bxb7 Rxc8 40.
Bxc8 h5 41. Kg2 Kh6 42. Rd8 Kh7 43. Bf5+ g6 44. Rd7+ Kh6 45. Be6 Bc3 46. Bg8 g5
47. Be6 g4 48. Bf5 Be5 49. Rh7+ Kg5 50. Rg7+ Kh6 51. Rg6+ Kh7 52. Rxf6+ Kg7 53.
Rg6+ Kf7 54. Rh6 h4 55. Rxh4 Ke7 56. Rxg4 Kd6 {Hossa resigns} 1-0

[Event "ICS rated bullet match"]
[Site "204.178.125.65"]
[Date "2001.09.14"]
[Round "?"]
[White "clevery"]
[Black "Hossa"]
[Result "0-1"]
[WhiteElo "1458"]
[BlackElo "2400"]
[PlyCount "30"]
[EventDate "2001.??.??"]

1. e4 e5 2. Nf3 Nc6 3. Bc4 Nf6 4. d3 Be7 5. Nc3 O-O 6. h3 d6 7. O-O Na5 8. Bb3
Nxb3 9. axb3 Be6 10. Nh2 d5 11. exd5 Nxd5 12. Nxd5 Qxd5 13. f4 Bc5+ 14. Kh1 e4
15. Qh5 Qxh5 {clevery resigns} 0-1

[Event "ICS rated bullet match"]
[Site "204.178.125.65"]
[Date "2001.09.14"]
[Round "?"]
[White "Hossa"]
[Black "clevery"]
[Result "1-0"]
[WhiteElo "2400"]
[BlackElo "1458"]
[PlyCount "39"]
[EventDate "2001.??.??"]

1. e4 e6 2. d4 c6 3. Nf3 d5 4. exd5 cxd5 5. Bd3 Ne7 6. O-O Ng6 7. Nc3 b6 8. Be3
Ba6 9. Nb5 Bxb5 10. Bxb5+ Nd7 11. c4 a6 12. Bc6 Rc8 13. cxd5 Rxc6 14. dxc6 Nf6
15. Qa4 a5 16. c7+ Qd7 17. c8=Q+ Ke7 18. Qa3+ Qd6 19. Qxd6+ Kxd6 20. Rac1 {
clevery resigns} 1-0

[Event "ICS rated blitz match"]
[Site "204.178.125.65"]
[Date "2001.09.14"]
[Round "?"]
[White "joh"]
[Black "Hossa"]
[Result "0-1"]
[WhiteElo "2266"]
[BlackElo "2617"]
[PlyCount "90"]
[EventDate "2001.??.??"]

1. g3 d5 2. Nf3 c6 3. Bg2 Nf6 4. O-O g6 5. b3 Bg7 6. Bb2 O-O 7. d3 Bf5 8. Nbd2
Na6 9. c4 Qd6 10. a3 Ne8 11. Bxg7 Nxg7 12. b4 e5 13. Qc2 Bg4 14. e4 Nc7 15.
Rfe1 d4 16. c5 Qf6 17. h3 Be6 18. Nh2 Qe7 19. Nc4 f6 20. f4 exf4 21. gxf4 Qd7
22. Nd6 Nce8 23. e5 Nh5 24. Qb2 Nxf4 25. Qxd4 fxe5 26. Rxe5 Bxh3 27. Bh1 Ne6
28. Qe3 Nxd6 29. cxd6 Qxd6 30. Re1 Nf4 31. d4 Bd7 32. Nf3 Nh3+ 33. Kh2 Rf7 34.
Bg2 Raf8 35. Kh1 Qc7 36. Nh4 Nf2+ 37. Kg1 Ng4 38. Qg5 Qd6 39. d5 c5 40. R1e4
cxb4 41. axb4 Qb6+ 42. Kh1 Rf1+ 43. Bxf1 Rxf1+ 44. Kg2 Qf2+ 45. Kh3 Qh2# {
joh checkmated} 0-1

[Event "ICS rated blitz match"]
[Site "204.178.125.65"]
[Date "2001.09.14"]
[Round "?"]
[White "Hossa"]
[Black "ExtremeGambit"]
[Result "0-1"]
[WhiteElo "2621"]
[BlackElo "2893"]
[PlyCount "134"]
[EventDate "2001.??.??"]

1. d4 Nf6 2. c4 e6 3. Nf3 b6 4. g3 Bb7 5. Bg2 Be7 6. O-O O-O 7. Nc3 Ne4 8. Bd2
f5 9. Qc2 Bf6 10. Bf4 g5 11. Be5 d6 12. Bxf6 Qxf6 13. Nb5 Rf7 14. Nd2 a6 15.
Nxe4 Bxe4 16. Bxe4 fxe4 17. Nc3 Qxd4 18. Nxe4 Qe5 19. Rad1 Nd7 20. f3 Nf6 21.
Nf2 b5 22. cxb5 axb5 23. a3 c5 24. e4 c4 25. Qd2 Ra6 26. Rfe1 h6 27. Re3 Kh8
28. Rc3 d5 29. Re3 dxe4 30. fxe4 Rd7 31. Qe2 Rxd1+ 32. Nxd1 Ra7 33. Nf2 Ra8 34.
Rc3 Ra6 35. Rc1 Ra4 36. Qc2 Kg7 37. Qd2 Ra7 38. Qe2 Ra8 39. Rf1 Rd8 40. Kh1 Rd4
41. Re1 Qd6 42. Qe3 e5 43. Re2 g4 44. Kg1 Qd7 45. Qc3 Nh7 46. a4 bxa4 47. Qa5
Qe6 48. Qxa4 Ng5 49. Qa7+ Rd7 50. Qa5 Qf6 51. Kf1 Rf7 52. Qc5 Qf3 53. Ke1 Qg2
54. Kd2 Nf3+ 55. Kc3 Qf1 56. Rc2 Rb7 57. b4 cxb3 58. Qc8 Rf7 59. Kxb3 Qb1+ 60.
Kc3 Nd4 61. Qc4 Qxc2+ 62. Kb4 Qd2+ 63. Qc3 Rb7+ 64. Kc4 Rc7+ 65. Kd5 Qxc3 66.
Kxe5 Qc5+ 67. Kf4 Qg5# {Hossa checkmated} 0-1

[Event "ICS rated blitz match"]
[Site "204.178.125.65"]
[Date "2001.09.14"]
[Round "?"]
[White "Clemente"]
[Black "Hossa"]
[Result "1-0"]
[WhiteElo "2552"]
[BlackElo "2615"]
[PlyCount "100"]
[EventDate "2001.??.??"]

1. d4 Nf6 2. c4 e6 3. Nc3 Bb4 4. Qc2 d5 5. cxd5 exd5 6. Bg5 h6 7. Bh4 c5 8.
dxc5 Nc6 9. e3 g5 10. Bg3 Qa5 11. Nf3 Ne4 12. Nd2 Nxc3 13. bxc3 Bxc3 14. Rb1 f5
15. Rb5 Bxd2+ 16. Qxd2 Qxd2+ 17. Kxd2 d4 18. Bd3 dxe3+ 19. fxe3 O-O 20. Bd6 Rd8
21. Bc4+ Kg7 22. Bd5 Kg6 23. g3 Rd7 24. e4 Rh7 25. Rhb1 Rg7 26. e5 Nd8 27. Ke3
Rh7 28. a4 Nc6 29. a5 a6 30. Rb6 Nxa5 31. Bf8+ Kh5 32. Rf6 Nc6 33. Bf7+ Kg4 34.
Bg6 Rh8 35. Bg7 Rd8 36. Bh5+ Kh3 37. Rxh6 Rd4 38. Bf3+ Rh4 39. gxh4 g4 40. Bxc6
bxc6 41. Rxc6 Kxh2 42. e6 g3 43. Be5 Kh3 44. e7 Bd7 45. Rg6 f4+ 46. Kxf4 Bc6
47. Rxg3+ Kh2 48. Rb2+ Kh1 49. Bd4 Bg2 50. Rgxg2 Rf8+ {Hossa resigns} 1-0

[Event "ICS rated blitz match"]
[Site "204.178.125.65"]
[Date "2001.09.14"]
[Round "?"]
[White "Hossa"]
[Black "Danimir"]
[Result "0-1"]
[WhiteElo "2596"]
[BlackElo "2400"]
[PlyCount "280"]
[EventDate "2001.??.??"]

1. e4 c5 2. Nf3 Nc6 3. Bb5 g6 4. O-O Bg7 5. c3 Nf6 6. Re1 O-O 7. d4 cxd4 8.
cxd4 d5 9. e5 Ne4 10. Nc3 Nxc3 11. bxc3 Qc7 12. Bf4 Na5 13. Qd2 Be6 14. Ng5
Rac8 15. Nxe6 fxe6 16. Bg5 Rf7 17. Re3 Nc4 18. Bxc4 Qxc4 19. Rh3 Rc7 20. Rb1 b6
21. Bf4 Qa6 22. Rb4 Rf8 23. Rb2 Rc4 24. Bg5 Rf7 25. Rb4 Qc8 26. Qd3 Qc6 27.
Rxc4 dxc4 28. Qc2 Bf8 29. Rh4 Rf5 30. Bc1 b5 31. Ba3 a6 32. Qd2 h5 33. Bc5 Kf7
34. Qe3 Ke8 35. Qg3 Kf7 36. f3 Bh6 37. Re4 Bd2 38. Bb4 Bh6 39. Re1 Bd2 40. Re2
Bf4 41. Qf2 Bh6 42. Bc5 Bg5 43. Qg3 Bf4 44. Qe1 Bh6 45. Rc2 Bg5 46. h4 Bf4 47.
Bb4 Bh6 48. Rb2 Kg7 49. Bxe7 Kf7 50. Bf6 Bf8 51. Bg5 Ba3 52. Rb1 Qd5 53. Bh6
Be7 54. Qf2 a5 55. Rb2 b4 56. a4 b3 57. Qg3 Qc6 58. Rb1 Qxa4 59. Re1 Qc6 60.
Rd1 a4 61. Rd2 Qd5 62. Rd1 a3 63. Qf2 a2 64. Be3 Kg8 65. Qg3 Kh7 66. Qf2 Rf8
67. Qb2 Ra8 68. Kh2 Bxh4 69. Ra1 Be7 70. Rh1 Qa5 71. Qa1 Qb5 72. Bc1 Ba3 73.
Bg5 Bf8 74. Bc1 Bh6 75. Bb2 Rf8 76. Qe1 Qd5 77. Kg1 Rf5 78. Rh3 Kg7 79. Ba1 Bg5
80. Bb2 Be7 81. Qc1 Bg5 82. Qe1 Rf7 83. Ba1 Ra7 84. Bb2 Rf7 85. Ba1 Ra7 86. Bb2
Be7 87. Qc1 Ra8 88. Rh1 Qd8 89. Kh2 Qf8 90. Qd2 Ra5 91. Qe2 Ra4 92. g3 Qf5 93.
Ba1 Ba3 94. Re1 Qd3 95. Qf2 Be7 96. Kg2 Bg5 97. f4 Be7 98. Kh2 Ra5 99. Kg2 Ra7
100. Kh3 Qf5+ 101. Kh2 Ba3 102. d5 Rb7 103. dxe6 b2 104. e7 bxa1=Q 105. Rxa1
Bxe7 106. Rxa2 Rd7 107. Qe2 Qd3 108. Rc2 Qxe2+ 109. Rxe2 Rd3 110. Rc2 Kf7 111.
Kg2 Ke6 112. Rb2 Rxc3 113. Rb6+ Kf7 114. Ra6 Ra3 115. Rc6 c3 116. Kf3 c2+ 117.
Ke4 Ra2 118. Kd3 Ba3 119. Rxc2 Rxc2 120. Kxc2 Bc5 121. Kd3 Bf2 122. Ke4 Bxg3
123. f5 g5 124. e6+ Kf6 125. Kd5 g4 126. Ke4 Bd6 127. Kd5 Be7 128. Ke4 h4 129.
Kf4 h3 130. Ke4 Bf8 131. Kf4 Bd6+ 132. Ke4 h2 133. Ke3 h1=Q 134. e7 Bxe7 135.
Kd3 Qf3+ 136. Kc2 g3 137. Kd2 g2 138. Kc2 g1=Q 139. Kb2 Qgf2+ 140. Kb1 Qd1# {
Hossa checkmated} 0-1

[Event "ICS rated blitz match"]
[Site "204.178.125.65"]
[Date "2001.09.15"]
[Round "?"]
[White "Hossa"]
[Black "NewHal9000"]
[Result "0-1"]
[WhiteElo "2582"]
[BlackElo "2818"]
[PlyCount "152"]
[EventDate "2001.??.??"]

1. d4 Nf6 2. c4 g6 3. Nc3 d5 4. Nf3 Bg7 5. Qb3 dxc4 6. Qxc4 O-O 7. e4 Na6 8.
Be2 c5 9. d5 e6 10. O-O exd5 11. exd5 Bf5 12. Bf4 Qb6 13. Na4 Qb4 14. Bd2 Qxc4
15. Bxc4 Rfd8 16. Ba5 b6 17. Bxa6 bxa5 18. Rac1 Nxd5 19. Rxc5 Nb4 20. Bc4 Rdc8
21. Ng5 Rxc5 22. Nxc5 Rf8 23. a3 Nc2 24. Bb3 Nd4 25. Bc4 h6 26. Nge4 Rc8 27.
Bd3 Ne6 28. Nxe6 Bxe6 29. b4 axb4 30. axb4 Bd5 31. Re1 f5 32. Nd6 Rc6 33. Ne8
Bc3 34. Rb1 Kf8 35. Bb5 Rb6 36. Nc7 Bg8 37. Rd1 Bxb4 38. Rd8+ Kg7 39. Ra8 a5
40. Ne8+ Kh8 41. Bd3 Bd5 42. Rd8 Bb3 43. g3 Rc6 44. Kg2 Rc5 45. Be2 a4 46. f4
a3 47. Nd6+ Kg7 48. Rd7+ Kf8 49. Ra7 Rc2 50. Ra8+ Ke7 51. Nc8+ Kf7 52. Ra7+ Kf8
53. Nb6 Rxe2+ 54. Kf3 Bd1 55. Nd7+ Ke7 56. Ne5+ Ke6 57. Nd3 Rxh2+ 58. Ke3 Re2+
59. Kf3 Bd6 60. Ra6 Rb2+ 61. Ke3 Kd5 62. g4 Re2+ 63. Kf3 fxg4+ 64. Kg3 Re3+ 65.
Kf2 Rxd3 66. Kf1 Rd2 67. Ke1 Rd4 68. Ra8 Rxf4 69. Kxd1 g3 70. Kd2 g2 71. Kd3
g1=Q 72. Ra5+ Ke6 73. Kc2 Qe3 74. Kb1 Rf2 75. Rc5 Bxc5 76. Ka1 Qe1# {
Hossa checkmated} 0-1

[Event "ICS rated blitz match"]
[Site "204.178.125.65"]
[Date "2001.09.15"]
[Round "?"]
[White "Hossa"]
[Black "Kasha"]
[Result "1-0"]
[WhiteElo "2578"]
[BlackElo "2186"]
[PlyCount "183"]
[EventDate "2001.??.??"]

1. d4 d5 2. e3 e6 3. Bd2 Nf6 4. Nf3 c6 5. c4 Bd6 6. Nc3 O-O 7. c5 Bc7 8. Bd3
Nbd7 9. Qc2 Re8 10. O-O e5 11. Nxe5 Nxe5 12. dxe5 Bxe5 13. Ne2 Bg4 14. Bb4 Bh5
15. Rfe1 Bg6 16. Bxg6 hxg6 17. Nd4 Qd7 18. Nf3 Bc7 19. Qd3 Ne4 20. Qd4 Re7 21.
Bc3 Nf6 22. Ng5 Rae8 23. Qh4 Be5 24. Rec1 Bxc3 25. Rxc3 Qg4 26. Qxg4 Nxg4 27.
Nf3 Ne5 28. Nxe5 Rxe5 29. Rb3 R5e7 30. Ra3 a6 31. Kf1 g5 32. Ke2 f6 33. Kd3 Kf7
34. Rg1 Re4 35. Rb3 R8e7 36. Rd1 Rc4 37. Rc3 Rxc3+ 38. Kxc3 Ke6 39. Kd4 Kd7 40.
b3 Re4+ 41. Kd3 Kc7 42. f3 Re7 43. a3 b5 44. cxb6+ Kxb6 45. b4 a5 46. bxa5+
Kxa5 47. Kd4 Kb6 48. Rc1 Ra7 49. Ra1 Ra4+ 50. Kc3 c5 51. g4 Kc6 52. Kd3 d4 53.
exd4 Rxd4+ 54. Kc3 Rf4 55. Rf1 Ra4 56. Kb2 c4 57. Ra1 Kc5 58. Kc3 Ra7 59. Kd2
Rd7+ 60. Ke3 Rd3+ 61. Ke2 Rb3 62. a4 Rb2+ 63. Ke3 Rxh2 64. a5 Rh8 65. a6 Ra8
66. a7 Kb6 67. Kd4 Rxa7 68. Rxa7 Kxa7 69. Kxc4 Kb7 70. Kd5 Kc7 71. Ke6 Kc6 72.
Kf7 Kd5 73. Kxg7 Ke5 74. Kf7 f5 75. Kg6 fxg4 76. fxg4 Kf4 77. Kh5 Ke5 78. Kxg5
Ke6 79. Kg6 Ke7 80. g5 Kf8 81. Kh7 Ke7 82. g6 Ke6 83. g7 Ke5 84. Kg6 Ke4 85.
Kf6 Kd4 86. g8=Q Ke4 87. Qd8 Ke3 88. Ke5 Kf3 89. Qd2 Kg4 90. Qg2+ Kh5 91. Kf5
Kh6 92. Qg6# {Kasha checkmated} 1-0

[Event "ICS rated blitz match"]
[Site "204.178.125.65"]
[Date "2001.09.15"]
[Round "?"]
[White "gambitmaster"]
[Black "Hossa"]
[Result "1/2-1/2"]
[WhiteElo "2806"]
[BlackElo "2581"]
[PlyCount "169"]
[EventDate "2001.??.??"]

1. e4 e5 2. Nf3 Nc6 3. Bb5 a6 4. Bxc6 dxc6 5. O-O Bg4 6. h3 h5 7. d3 Qf6 8. Be3
Bxf3 9. Qxf3 Qxf3 10. gxf3 Bd6 11. Nd2 Ne7 12. Rfb1 Ng6 13. b4 f6 14. a4 Kf7
15. Kf1 Nf8 16. Ke2 Ne6 17. Nc4 g5 18. Kf1 Kg6 19. Rb2 f5 20. a5 Kf6 21. Kg2
Rhg8 22. Rh1 Rg7 23. Bd2 Nf4+ 24. Kf1 Ng6 25. Rg1 Nh4 26. Ke2 Rag8 27. Bc3 Ke6
28. Rbb1 Ng6 29. Kf1 Nf4 30. Rh1 fxe4 31. fxe4 Rb8 32. d4 exd4 33. Bxd4 Rf7 34.
Bc3 Rd8 35. Re1 c5 36. Nxd6 cxd6 37. bxc5 dxc5 38. Re3 Rd6 39. Be1 Rd1 40. Rg1
Kf6 41. Reg3 Re7 42. f3 Re5 43. h4 gxh4 44. Rg8 Re7 45. R1g5 Rf7 46. Rf5+ Ke7
47. Rgg5 Ne6 48. Rxf7+ Kxf7 49. Rxh5 Nd4 50. c3 Nc2 51. Ke2 Rxe1+ 52. Kd2 Rf1
53. Kxc2 c4 54. Rxh4 Rf2+ 55. Kd1 Rxf3 56. Rh7+ Kf6 57. Kd2 Ke5 58. Rc7 Kxe4
59. Rxc4+ Ke5 60. Rc7 Rf2+ 61. Kd3 Ra2 62. Re7+ Kd6 63. Rxb7 Rxa5 64. Rb6+ Ke5
65. Rb8 Rd5+ 66. Ke3 Ra5 67. Re8+ Kd5 68. Kd3 Kc6 69. c4 Ra1 70. Re5 Rd1+ 71.
Kc2 Rd7 72. Ra5 Ra7 73. Kd3 Kb6 74. Rg5 Rd7+ 75. Rd5 Rxd5+ 76. cxd5 Kc5 77. Ke4
a5 78. d6 Kc6 79. d7 Kxd7 80. Kd4 Ke7 81. Kc4 Kf7 82. Kd5 Kg7 83. Kc5 Kh7 84.
Kb5 Kh8 85. Kxa5 {Game drawn because neither player has mating material}
1/2-1/2

[Event "ICS rated blitz match"]
[Site "204.178.125.65"]
[Date "2001.09.15"]
[Round "?"]
[White "Bongo"]
[Black "Hossa"]
[Result "0-1"]
[WhiteElo "2097"]
[BlackElo "2590"]
[PlyCount "52"]
[EventDate "2001.??.??"]

1. e4 e5 2. Nf3 Nc6 3. Bb5 a6 4. Ba4 Nf6 5. O-O b5 6. Bb3 Bb7 7. Re1 Bc5 8. c3
d6 9. d4 Bb6 10. Bg5 h6 11. Bh4 g5 12. Nxg5 hxg5 13. Bxg5 Rg8 14. Bh4 exd4 15.
Nd2 Ne5 16. Nf3 d3 17. Nd4 c5 18. Nf5 c4 19. Ba4 bxa4 20. Qxa4+ Bc6 21. Qd1 d2
22. Re2 Nf3+ 23. Kh1 Nxh4 24. Nxh4 Nxe4 25. Qf1 Qxh4 26. f3 Qxh2+ {
Bongo resigns} 0-1

[Event "ICS rated blitz match"]
[Site "204.178.125.65"]
[Date "2001.09.15"]
[Round "?"]
[White "Hossa"]
[Black "angeldeajedrez"]
[Result "1-0"]
[WhiteElo "2592"]
[BlackElo "2173"]
[PlyCount "85"]
[EventDate "2001.??.??"]

1. d4 Nf6 2. c4 e6 3. Nf3 c6 4. e3 d5 5. Nbd2 Be7 6. Bd3 O-O 7. O-O Nbd7 8. e4
dxe4 9. Nxe4 Nxe4 10. Bxe4 Nf6 11. Qd3 c5 12. Bf4 Nxe4 13. Qxe4 cxd4 14. Rfd1
Qb6 15. Qxd4 Bf6 16. Qxb6 axb6 17. Be5 Ra5 18. Bxf6 gxf6 19. Nd4 Bd7 20. Nb3
Ba4 21. Nxa5 Bxd1 22. Nxb7 Be2 23. b3 Re8 24. Re1 Bd3 25. Rd1 Bg6 26. c5 bxc5
27. Nxc5 Kf8 28. a4 Rc8 29. b4 Bc2 30. Rc1 Rd8 31. b5 Ke7 32. b6 f5 33. b7 Be4
34. Nxe4 fxe4 35. a5 f5 36. a6 f4 37. a7 e3 38. a8=Q exf2+ 39. Kxf2 Rd2+ 40.
Kg1 e5 41. b8=Q Rd1+ 42. Rxd1 e4 43. Qe5+ {angeldeajedrez resigns} 1-0

[Event "ICS rated blitz match"]
[Site "204.178.125.65"]
[Date "2001.09.15"]
[Round "?"]
[White "QuarkX"]
[Black "Hossa"]
[Result "0-1"]
[WhiteElo "2558"]
[BlackElo "2595"]
[PlyCount "146"]
[EventDate "2001.??.??"]

1. e4 c5 2. Nf3 Nc6 3. d4 cxd4 4. Nxd4 g6 5. c4 Bg7 6. Be3 Nf6 7. Nc3 Ng4 8.
Qxg4 Nxd4 9. Qd1 Ne6 10. Qb3 O-O 11. Be2 b6 12. Nd5 Nc5 13. Bxc5 bxc5 14. O-O
d6 15. Rad1 Bd4 16. Rd3 f5 17. Bf3 Bd7 18. Qa3 fxe4 19. Bxe4 Rb8 20. b3 e6 21.
Nc3 a5 22. Ne2 Qh4 23. Bf3 Be5 24. g3 Qd8 25. Bg2 Qc7 26. f4 Bf6 27. Rfd1 Be7
28. Nc3 Rfd8 29. Qb2 h6 30. Qd2 Bf6 31. Ne4 Bd4+ 32. Rxd4 cxd4 33. Qxd4 Bc6 34.
Nf6+ Kf7 35. Ng4 e5 36. fxe5 dxe5 37. Rf1+ Kg8 38. Nxh6+ Kg7 39. Qe3 Rf8 40.
Rxf8 Rxf8 41. Ng4 Qd6 42. h3 Bxg2 43. Kxg2 Kg8 44. h4 Qd4 45. Qg5 Qe4+ 46. Kh3
Qh1+ 47. Nh2 Qe4 48. h5 Rf2 49. Qxg6+ Qxg6 50. hxg6 Rxa2 51. Ng4 Ra3 52. Nxe5
Rxb3 53. Nd7 a4 54. Nc5 Rb4 55. Nd3 Rxc4 56. Ne5 Rc1 57. Nd3 Rb1 58. g4 Rb3 59.
Kg3 Rxd3+ 60. Kf4 Rd4+ 61. Kf5 Rxg4 62. Kxg4 a3 63. Kg3 a2 64. Kf3 Kg7 65. Ke3
Kxg6 66. Kd4 a1=Q+ 67. Kd5 Kf5 68. Kc5 Qc3+ 69. Kd5 Qb4 70. Kc6 Ke6 71. Kc7 Qb5
72. Kc8 Kd6 73. Kd8 Qb8# {QuarkX checkmated} 0-1

[Event "ICS rated standard match"]
[Site "204.178.125.65"]
[Date "2001.09.15"]
[Round "?"]
[White "Hossa"]
[Black "QuarkX"]
[Result "1-0"]
[WhiteElo "2240"]
[BlackElo "2435"]
[PlyCount "71"]
[EventDate "2001.??.??"]

1. d4 Nf6 2. c4 g6 3. Nc3 Bg7 4. e4 d6 5. Be2 c5 6. dxc5 Qa5 7. Bd3 Nfd7 8.
Nge2 Nxc5 9. O-O Nc6 10. Bc2 Be6 11. Nd5 Bxd5 12. cxd5 Nb4 13. Bd2 Bxb2 14. a3
Nxc2 15. Bxa5 Nxa1 16. Qb1 Bg7 17. Qb5+ Kf8 18. Rb1 Nc2 19. Bb4 Nxe4 20. Qxb7
Re8 21. Qxa7 Nxb4 22. axb4 Nc3 23. Nxc3 Bxc3 24. b5 Kg7 25. b6 Bf6 26. b7 Rb8
27. f4 Rhe8 28. Kf2 e5 29. dxe6 fxe6 30. Rc1 Kh6 31. Rc6 Rf8 32. Ke2 Bh8 33.
Rxd6 Rfe8 34. g4 e5 35. f5 Bf6 36. Rxf6 {QuarkX resigns} 1-0

[Event "ICS rated standard match"]
[Site "204.178.125.65"]
[Date "2001.09.15"]
[Round "?"]
[White "QuarkX"]
[Black "Hossa"]
[Result "1-0"]
[WhiteElo "2411"]
[BlackElo "2264"]
[PlyCount "105"]
[EventDate "2001.??.??"]

1. d4 Nf6 2. c4 e6 3. Nf3 d5 4. Nc3 Be7 5. Bf4 c5 6. dxc5 Bxc5 7. e3 O-O 8. a3
Nc6 9. Rc1 d4 10. exd4 Nxd4 11. b4 Bb6 12. Bd3 Nh5 13. Bd2 Nf6 14. c5 Bc7 15.
Bg5 e5 16. Nxd4 exd4 17. Ne4 Bf5 18. Nxf6+ gxf6 19. Bxf5 fxg5 20. Qh5 Qe7+ 21.
Kf1 f6 22. h4 Rf7 23. Re1 Be5 24. hxg5 fxg5 25. Bxh7+ Rxh7 26. Qxh7+ Qxh7 27.
Rxh7 Kxh7 28. Rxe5 Kg6 29. Rd5 a5 30. b5 Rc8 31. Ke2 Rf8 32. Rxd4 Rf5 33. Rc4
Rd5 34. a4 Rd8 35. c6 bxc6 36. Rxc6+ Kf5 37. Ra6 Re8+ 38. Kf3 Rc8 39. b6 Rc3+
40. Ke2 Rc8 41. Rxa5+ Kf6 42. b7 Re8+ 43. Kf1 Rb8 44. Rb5 Ke6 45. a5 Kd6 46. a6
Rd8 47. a7 g4 48. b8=Q+ Rxb8 49. axb8=Q+ Ke6 50. Qb7 g3 51. Qc6+ Kf7 52. Rb7+
Kg8 53. Qc8# {Hossa checkmated} 1-0

[Event "ICS rated blitz match"]
[Site "204.178.125.65"]
[Date "2001.09.15"]
[Round "?"]
[White "Hossa"]
[Black "Tinker"]
[Result "1/2-1/2"]
[WhiteElo "2623"]
[BlackElo "2593"]
[PlyCount "113"]
[EventDate "2001.??.??"]

1. e4 c5 2. Nf3 d6 3. d4 cxd4 4. Nxd4 Nf6 5. Nc3 g6 6. Be3 Bg7 7. f3 O-O 8. Qd2
Nc6 9. O-O-O d5 10. exd5 Nxd5 11. Nxc6 bxc6 12. Bd4 e5 13. Bc5 Be6 14. Nxd5
cxd5 15. Bb5 Re8 16. Bxe8 Qxe8 17. Kb1 a5 18. h4 Qb5 19. Ba3 d4 20. h5 Rc8 21.
hxg6 hxg6 22. g4 Rc3 23. b3 f6 24. g5 Bf5 25. Rc1 a4 26. Ka1 Rxf3 27. gxf6 Bxf6
28. Qh6 Bg7 29. Qh4 Qd7 30. Kb2 e4 31. Kb1 e3 32. bxa4 d3 33. Qh7+ Kf7 34. Bb2
dxc2+ 35. Ka1 Kf8 36. Bxg7+ Qxg7+ 37. Qxg7+ Kxg7 38. Kb2 e2 39. Rhe1 Bd3 40.
Rxc2 Bxc2 41. Kxc2 Ra3 42. Rxe2 Rxa2+ 43. Kd3 Rxa4 44. Re7+ Kh8 45. Re8+ Kh7
46. Ke3 g5 47. Re7+ Kh8 48. Re4 Rxe4+ 49. Kxe4 g4 50. Kf4 g3 51. Ke3 g2 52. Kf2
Kg8 53. Kg1 Kh8 54. Kh2 Kg8 55. Kg1 Kh8 56. Kh2 Kg8 57. Kg1 {
Game drawn by repetition} 1/2-1/2